000 00419nam a2200145Ia 4500
008 230917s9999||||xx |||||||||||||| ||und||
040 _e99182
_aMAIN
041 _aEnglish
082 _a668 I2P
100 _aIndia, Ministry of Science and Technology
245 0 _aAcephate: A preliminary industry profile
260 _aNew Delhi
_bIndia, Ministry of Science and Technology
_c1992
300 _ax, 137 p.
942 _cBK
999 _c82205
_d82205